Annie Oakley of the Wild West.

Bibliographic Details
Main Author: Havighurst, Walter, 1901-1994
Format: Book
Language:English
Published: New York : Macmillan, 1954.
Subjects:

MARC

Tag First Indicator Second Indicator Subfields
LEADER 00000cam a2200000 4500
001 in00000426821
005 20151012061208.0
008 750404s1954 nyua 00100beng
010 |a  54012424  
035 |a (OCoLC)01253363 
035 |9 ABV4919AM 
040 |a DLC  |c ORL  |d OCL  |d m.c.  |d TXA  |d UtOrBLW 
049 |a TXAM  |c [488659] 
050 0 0 |a GV1157.O3  |b H3 
082 0 |a 927.993 
100 1 |a Havighurst, Walter,  |d 1901-1994. 
245 1 0 |a Annie Oakley of the Wild West. 
264 1 |a New York :  |b Macmillan,  |c 1954. 
300 |a 246 pages :  |b illustrations ;  |c 22 cm. 
336 |a text  |b txt  |2 rdacontent 
337 |a unmediated  |b n  |2 rdamedia 
338 |a volume  |b nc  |2 rdacarrier 
600 1 0 |a Oakley, Annie,  |d 1860-1926. 
999 |a MARS 
999 f f |s f92343e3-7b67-369b-ae3d-a0b66ee7b955  |i ffe34054-fa3a-3317-a103-cdb966d096cb  |t 0 
952 f f |p ric  |a Texas A&M University  |b Rellis Campus  |c Joint Library Facility  |d Remote Storage  |t 0  |e GV1157.O3 H3  |h Library of Congress classification  |i unmediated -- volume  |m A14809481535 
998 f f |a GV1157.O3 H3  |t 0  |l Remote Storage